000 00828cam a2200253 a 4500
001 4836
003 BD-RjUL
005 20211208233950.0
008 131223t1935 nyu b 00110 eng
035 _a(BD-RjUL)4871
040 _aDLC
_cIEN-L
_dIEN-L
_dMBU-L
_dBD-RjUL
_beng
041 _aeng
082 0 4 _216
_a342.73
_bMCC 1935
090 _aKF4541
_b.M35 1936
100 1 0 _aMcLaughlin, Andrew Cunningham,
_d1861-1947.
_915249
245 1 2 _aA constitutional history of the United States /
_cby Andrew C. McLaughlin.
260 _aNew York :
_bD. Appleton-Century Co.,
_cc1935.
300 _axi, 833 p. ;
_c24 cm.
490 0 _aThe Century political science series.
504 _aIncludes bibliographical references and index.
650 0 _aConstitutional history
_zUnited States.
_911591
942 _2ddc
_cBK
999 _c4836
_d4836